00854nam a22002657a 45000010005000000030006000050050017000110080041000280200015000690400029000840500017001130820012001301000029001422450076001712500041002472600032002883000050003205050007003705200080003775210018004575210018004756500031004936500026005247000038005506760FISKH20250604084755.0250526b cb ||||| |||| 00| 0 eng d a0590425048 aFISKHbengcFISKHdFISKH aPZ7.H31115 J a823.914 aHavill, Juanitad(1949-) aJamaica's find /cJuanita Havill ; Illustrations by Anne Sibley O'Brien aThis edition first published in 1989 aBoston :bScholastic,c1986 a32 pages :bcolor illustrations ;c21 x 23 cm aJ  aA little girl finds a stuffed dog in the park and decides to take it home. 8 a460 bLexile 8 aJ bRaz-Plus  2IntegrityaReading Rainbow 2HonestyaPicture book aO'Brien, Sibley Annedillustrator